Marvel Ultimate Alliance 2 Playable Characters - Statistics

General Stats
  • This quiz has been taken 134 times
  • The average score is 25 of 34
Answer Stats
Answer % Correct
Iron Man
100%
Captain America
96%
Thor
96%
Spider-Man
94%
Hulk
93%
Wolverine
93%
Human Torch
88%
Invisible Woman
86%
Thing
86%
Venom
86%
Mr Fantastic
85%
Black Panther
83%
Storm
82%
Daredevil
79%
Deadpool
79%
Iceman
79%
Jean Grey
78%
Luke Cage
78%
Magneto
76%
Cyclops
75%
Gambit
75%
Iron Fist
74%
Nick Fury
72%
Green Goblin
71%
Ms Marvel
69%
Juggernaut
58%
Blade
57%
Cable
57%
Carnage
53%
Psylocke
46%
Songbird
46%
Penance
42%
She-Hulk
39%
Sentry
22%
No matching quizzes found
Score Distribution
Percent of People with Each Score
Percentile by Number Answered
Your Score History
You have not taken this quiz